| 000 | 00727cam a2200241 a 4500 | ||
|---|---|---|---|
| 001 | 000018659 | ||
| 005 | 20260120073950.0 | ||
| 008 | 100512s1998 ag a 000 0 spa d | ||
| 020 | _a950081918-X | ||
| 040 |
_aDO-SdBNP _bspa _cBNPHU |
||
| 082 |
_a299.7 _bC346p |
||
| 100 | 1 |
_aCastaneda, Carlos _940292 |
|
| 245 | 1 | 0 |
_aPases mágicos / _cCarlos Castaneda ; traducción Dorotea Placking de Salcedo. |
| 246 | 1 | 1 | _iMagical passes |
| 260 |
_aBuenos Aires : _bAtlántida, _c1998. |
||
| 300 |
_a271 p. : _bil. ; _c23 cm. |
||
| 650 | 4 |
_aChamanismo _940304 |
|
| 650 | 0 |
_aVida espiritual _9268 |
|
| 650 | 0 |
_aMente y cuerpo _92740 |
|
| 650 | 4 |
_aFuerza vital _940305 |
|
| 700 | 1 |
_aPlacking de Salcedo, _epról. _940306 |
|
| 049 | _aBNGR | ||
| 999 |
_c18179 _d18179 |
||